[Event "8th American Continental"]
[Site "Cochabamba BOL"]
[Date "2013.05.13"]
[Round "9"]
[White "Monroy Garzon, Nataly"]
[Black "Arias, Juan Carlos"]
[Result "0-1"]
[WhiteElo "1791"]
[BlackElo "2113"]
[EventDate "2013.05.07"]
[PlyCount "74"]

1.d4 d5 2.Nf3 e6 3.c4 c6 4.g3 f5 5.Nbd2 Nf6 6.Bg2 Bd6 7.O-O O-O 8.c5 Bc7 
9.b4 a5 10.Ba3 Nbd7 11.Qc2 Ne4 12.b5 Qf6 13.b6 Bb8 14.Bb2 g5 15.h3 h5 16.
Nxe4 fxe4 17.Nh2 e5 18.dxe5 Bxe5 19.Bxe5 Nxe5 20.Qc1 Be6 21.f4 Nc4 22.fxg5
Qd4+ 23.Kh1 Rxf1+ 24.Nxf1 Rf8 25.Rb1 Kg7 26.Rb3 Kg6 27.Ne3 Ne5 28.Qc3 Qxc3
29.Rxc3 d4 30.Bxe4+ Kxg5 31.h4+ Kh6 32.Ra3 dxe3 33.Rxe3 Ng4 34.Rf3 Rxf3 
35.exf3 Nf2+ 36.Kg2 Nxe4 37.fxe4 Bxa2 0-1

[Event "8th American Continental"]
[Site "Cochabamba BOL"]
[Date "2013.05.13"]
[Round "9"]
[White "Medrano, Mario"]
[Black "Borda Rivera, Cesar"]
[Result "1-0"]
[WhiteElo "2085"]
[BlackElo "1838"]
[EventDate "2013.05.07"]
[PlyCount "69"]

1.c4 Nf6 2.g3 g6 3.Bg2 d5 4.cxd5 Nxd5 5.Nc3 Nxc3 6.bxc3 Bg7 7.Rb1 c6 8.Qc2
O-O 9.Nf3 Nd7 10.O-O Nc5 11.Ba3 Bf5 12.d3 Nxd3 13.exd3 Bxd3 14.Qb3 Bxf1 
15.Rxf1 Qc7 16.Re1 Bf6 17.Nd2 Rfd8 18.Ne4 Bg7 19.Ng5 e6 20.Bh3 Bf6 21.Ne4 
Bg7 22.Ng5 Bf6 23.Bc1 Rd3 24.Nxf7 Rxc3 25.Nh6+ Kg7 26.Qxe6 Rxc1 27.Rxc1 
Rf8 28.Ng4 Bd4 29.Qe4 Qb6 30.Rd1 c5 31.Rxd4 cxd4 32.Qe5+ Rf6 33.Nxf6 Qb1+ 
34.Kg2 Qe4+ 35.Nxe4+ 1-0

[Event "8th American Continental"]
[Site "Cochabamba BOL"]
[Date "2013.05.13"]
[Round "9"]
[White "Prado Serrano, Alexandra"]
[Black "Estrada Blajos, Lucia"]
[Result "1-0"]
[WhiteElo "1790"]
[BlackElo "2034"]
[EventDate "2013.05.07"]
[PlyCount "99"]

1.e4 d6 2.d4 Nf6 3.Bd3 Nbd7 4.Nf3 g6 5.c3 Bg7 6.O-O O-O 7.Qe2 e5 8.dxe5 
dxe5 9.Nbd2 c6 10.a4 Qc7 11.Rd1 Nc5 12.Bc2 b6 13.Nc4 Nfd7 14.b4 Nb7 15.a5 
b5 16.a6 Nd8 17.Nd6 Ne6 18.Nxc8 Raxc8 19.Bb3 Rfe8 20.Be3 Ndf8 21.Rd2 h6 
22.Rad1 Kh7 23.Ne1 Rcd8 24.Rxd8 Nxd8 25.Nd3 Nde6 26.Nc5 Nxc5 27.Bxc5 Kg8 
28.Qd3 Qc8 29.Bxf8 Rxf8 30.Qb1 Qxa6 31.Rd7 Qc8 32.Rxa7 c5 33.Bd5 cxb4 34.
Qxb4 Bf6 35.Qb3 Qe8 36.Rb7 Qa8 37.g3 Qa1+ 38.Kg2 Qe1 39.Rxb5 Bg7 40.Rb7 
Qe2 41.Rxf7 Rxf7 42.Bxf7+ Kh7 43.Qb7 h5 44.Qc6 Qg4 45.h3 Qg5 46.h4 Qf6 47.
Qe8 Qd6 48.c4 Bf8 49.c5 Qf6 50.c6 1-0

[Event "8th American Continental"]
[Site "Cochabamba BOL"]
[Date "2013.05.13"]
[Round "9"]
[White "Rivas, Lucas"]
[Black "Mollo, Jhoan"]
[Result "1-0"]
[WhiteElo "1987"]
[BlackElo "1588"]
[EventDate "2013.05.07"]
[PlyCount "61"]

1.e4 c5 2.Nf3 d6 3.c3 Nf6 4.d3 g6 5.g3 Bg7 6.Bg2 Nc6 7.O-O Bd7 8.Re1 O-O 
9.d4 cxd4 10.cxd4 Ne8 11.Nc3 Nc7 12.Be3 f5 13.Qb3+ Kh8 14.Ng5 e6 15.Rad1 
Na5 16.Qb4 Ne8 17.h4 h6 18.Nh3 Rb8 19.exf5 gxf5 20.Nf4 Nc6 21.Qb3 Rf6 22.
Nh5 Rg6 23.Nxg7 Kxg7 24.Ne2 e5 25.dxe5 Nxe5 26.Nf4 Rg4 27.Bd4 Qc7 28.Ne6+ 
Bxe6 29.Qxe6 Qf7 30.Bxe5+ dxe5 31.Rd7 1-0

[Event "8th American Continental"]
[Site "Cochabamba BOL"]
[Date "2013.05.13"]
[Round "9"]
[White "Caba Hinojosa, Edgar"]
[Black "Molina, Jessica"]
[Result "1-0"]
[WhiteElo "1861"]
[BlackElo "1585"]
[EventDate "2013.05.07"]
[PlyCount "117"]

1.e4 e5 2.Nf3 Nf6 3.d3 Nc6 4.Be2 h6 5.O-O Bc5 6.c3 d6 7.a4 a5 8.h3 O-O 9.
Nbd2 Bd7 10.Re1 Re8 11.Nf1 Qe7 12.Be3 Bxe3 13.Nxe3 b6 14.g4 Nh7 15.Kh2 g5 
16.Nd5 Qd8 17.Rg1 Ne7 18.Nxe7+ Qxe7 19.Qd2 f6 20.h4 Kg7 21.h5 Nf8 22.Ne1 
Ne6 23.Bf3 Rad8 24.Nc2 Nc5 25.Qd1 Bxa4 26.Rxa4 Nxa4 27.Ne3 Qd7 28.Nf5+ Kh7
29.Qb3 Nc5 30.Qc2 Qa4 31.Qb1 Ne6 32.d4 Nf4 33.Rd1 c5 34.Rd2 Qc6 35.Qa2 Qb7
36.Qb3 Qc7 37.Qa4 cxd4 38.cxd4 Ne6 39.Rc2 Qd7 40.Qb3 b5 41.Qa3 a4 42.Qb4 
Ng7 43.Ne3 Re6 44.Nd5 Kh8 45.Rc7 Qe8 46.Be2 exd4 47.Qxd4 Rxe4 48.Qa7 Qe5+ 
49.Kh3 Qxd5 50.Rxg7 Re7 51.Rxe7 Qh1+ 52.Kg3 Qg1+ 53.Kf3 Qh1+ 54.Ke3 Qc1+ 
55.Kd3 Qb1+ 56.Kd2 Qxb2+ 57.Ke1 Qc3+ 58.Kf1 f5 59.Rh7+ 1-0

[Event "8th American Continental"]
[Site "Cochabamba BOL"]
[Date "2013.05.14"]
[Round "10"]
[White "Iturrizaga Bonelli, Eduardo"]
[Black "Bruzon Batista, Lazaro"]
[Result "1/2-1/2"]
[WhiteElo "2655"]
[BlackElo "2707"]
[EventDate "2013.05.07"]
[PlyCount "31"]

1.Nf3 Nf6 2.c4 b6 3.g3 Bb7 4.Bg2 e6 5.O-O Be7 6.b3 O-O 7.Bb2 d5 8.e3 Nbd7 
9.Nc3 c5 10.Qe2 Rc8 11.Rac1 Re8 12.Nd1 Bf8 13.cxd5 exd5 14.d4 cxd4 15.Nxd4
Rxc1 16.Bxc1 1/2-1/2

[Event "8th American Continental"]
[Site "Cochabamba BOL"]
[Date "2013.05.14"]
[Round "10"]
[White "Ortiz Suarez, Isan Reynaldo"]
[Black "Leiva Rodriguez, Giuseppe"]
[Result "1-0"]
[WhiteElo "2598"]
[BlackElo "2388"]
[EventDate "2013.05.07"]
[PlyCount "41"]

1.e4 c5 2.Nf3 d6 3.d4 cxd4 4.Nxd4 Nf6 5.Nc3 a6 6.Bg5 Nbd7 7.Bc4 h6 8.Bh4 
g6 9.Qd2 e5 10.Nf3 Be7 11.Bxf6 Nxf6 12.O-O-O Qc7 13.Bb3 Rb8 14.Kb1 b5 15.
h3 Be6 16.Rhe1 b4 17.Nd5 Nxd5 18.exd5 Bd7 19.Nxe5 O-O 20.Nxg6 Bg5 21.f4 
1-0

[Event "8th American Continental"]
[Site "Cochabamba BOL"]
[Date "2013.05.14"]
[Round "10"]
[White "Sarkar, Justin"]
[Black "Bachmann Schiavo, Axel"]
[Result "0-1"]
[WhiteElo "2437"]
[BlackElo "2531"]
[EventDate "2013.05.07"]
[PlyCount "74"]

1.d4 Nf6 2.c4 e6 3.Nc3 Bb4 4.e3 O-O 5.Ne2 d5 6.a3 Be7 7.cxd5 exd5 8.Nf4 c6
9.Bd3 Bd6 10.O-O Re8 11.f3 Bxf4 12.exf4 b6 13.b4 Ba6 14.Bxa6 Nxa6 15.Qd3 
Nc7 16.f5 b5 17.Bg5 a5 18.Rac1 axb4 19.axb4 Qd6 20.Qd2 Qxb4 21.Bxf6 gxf6 
22.Qf4 Re7 23.Nd1 Ra4 24.Nf2 Qxd4 25.Qd6 Qe5 26.Rxc6 Qxd6 27.Rxd6 Kg7 28.
g4 Re2 29.Kg2 Raa2 30.Kg3 b4 31.Rb6 d4 32.Rxb4 Nd5 33.Rxd4 Ne3 34.Rc1 Rxf2
35.Kf4 Nf1 36.Rc3 Nxh2 37.Rd7 Nf1 0-1

[Event "8th American Continental"]
[Site "Cochabamba BOL"]
[Date "2013.05.14"]
[Round "10"]
[White "Zambrana, Oswaldo"]
[Black "Martinez Bejanero, Ariel A."]
[Result "1-0"]
[WhiteElo "2478"]
[BlackElo "2203"]
[EventDate "2013.05.07"]
[PlyCount "53"]

1.e4 c5 2.Nf3 d6 3.d4 cxd4 4.Nxd4 Nf6 5.Nc3 g6 6.Be3 Bg7 7.f3 O-O 8.Qd2 
Nc6 9.Bc4 Bd7 10.O-O-O Rb8 11.h4 Na5 12.Bb3 b5 13.h5 Nxb3+ 14.Nxb3 b4 15.
Nd5 Nxd5 16.exd5 Qc7 17.Bd4 f6 18.hxg6 hxg6 19.Rde1 Rfe8 20.g4 e5 21.dxe6 
Rxe6 22.g5 Qc4 23.gxf6 Bxf6 24.Bxf6 Rxf6 25.Re4 Qb5 26.Qh6 Bh3 27.Rxh3 1-0

[Event "8th American Continental"]
[Site "Cochabamba BOL"]
[Date "2013.05.14"]
[Round "10"]
[White "Pacheco Vivanco, Marco"]
[Black "Martinez Alcantara, Jose Eduardo"]
[Result "0-1"]
[WhiteElo "2384"]
[BlackElo "2208"]
[EventDate "2013.05.07"]
[PlyCount "84"]

1.d4 Nf6 2.Nf3 g6 3.Bg5 Bg7 4.Nbd2 d5 5.e3 O-O 6.Be2 c5 7.c3 b6 8.O-O Bb7 
9.h3 Nbd7 10.a4 a6 11.Re1 Bc6 12.Bh4 Re8 13.Bg3 Ne4 14.Nxe4 dxe4 15.Nd2 e5
16.Nc4 Qe7 17.dxe5 Bxe5 18.Bxe5 Nxe5 19.Nxe5 Qxe5 20.Qb3 b5 21.axb5 axb5 
22.Rxa8 Rxa8 23.Bxb5 Qb8 24.Bc4 Qxb3 25.Bxb3 Rb8 26.Bc4 Rxb2 27.Ra1 Rc2 
28.Ra7 Rxc3 29.Bxf7+ Kh8 30.h4 Bb5 31.g4 Bc4 32.Bxc4 Rxc4 33.g5 Rc1+ 34.
Kg2 c4 35.Re7 Kg8 36.Rxe4 Kf7 37.Kf3 c3 38.Rc4 Ke6 39.Ke4 Rc2 40.f4 Rc1 
41.Rc7 Kd6 42.Rxh7 Rd1 0-1

[Event "8th American Continental"]
[Site "Cochabamba BOL"]
[Date "2013.05.14"]
[Round "10"]
[White "Ynojosa Aponte, Felix Jose"]
[Black "Cortes Orihuela, Javier"]
[Result "1-0"]
[WhiteElo "2371"]
[BlackElo "2032"]
[EventDate "2013.05.07"]
[PlyCount "101"]

1.e4 e5 2.Bc4 Nf6 3.d3 c6 4.Nf3 d5 5.Bb3 Bd6 6.Nc3 dxe4 7.Ng5 O-O 8.Ngxe4 
Nxe4 9.Nxe4 Bf5 10.Qf3 Bxe4 11.dxe4 Nd7 12.c3 a5 13.O-O a4 14.Bc2 Re8 15.
Rd1 Nf8 16.Be3 Qe7 17.Rd2 b5 18.b3 a3 19.b4 Ne6 20.Rad1 Red8 21.Bb3 Bc7 
22.Rxd8+ Rxd8 23.Rxd8+ Bxd8 24.Bc1 c5 25.bxc5 Qxc5 26.Qd3 Be7 27.Be3 Qc6 
28.Bd5 Qd7 29.g3 Kf8 30.Qd1 g6 31.Qb3 h5 32.Bc1 b4 33.Bxe6 Qxe6 34.Qxe6 
fxe6 35.cxb4 Bxb4 36.Kf1 Ke7 37.Ke2 Kd6 38.Kd3 Kc5 39.Bg5 Kb5 40.f3 Ba5 
41.Be7 Ka4 42.Bd6 Bb6 43.Bxe5 Bg1 44.g4 hxg4 45.fxg4 Bf2 46.Bf6 Kb5 47.Be7
Ka4 48.h4 Bg3 49.h5 gxh5 50.gxh5 Bf4 51.Bf8 1-0

[Event "8th American Continental"]
[Site "Cochabamba BOL"]
[Date "2013.05.14"]
[Round "10"]
[White "Lopez Paniagua, Mario Iver"]
[Black "Perez Garcia, Rodney Oscar"]
[Result "0-1"]
[WhiteElo "2197"]
[BlackElo "2381"]
[EventDate "2013.05.07"]
[PlyCount "130"]

1.b3 c5 2.Bb2 Nc6 3.e3 Nf6 4.Nf3 e6 5.Bb5 Qb6 6.Be2 Be7 7.c4 O-O 8.O-O d5 
9.Ne5 Rd8 10.Nxc6 Qxc6 11.d3 b6 12.Nd2 Bb7 13.Nf3 d4 14.e4 Nd7 15.Ne1 e5 
16.Bc1 Bd6 17.g3 Re8 18.Bf3 b5 19.Bg2 a5 20.Bd2 a4 21.Nc2 b4 22.Qe2 Ra6 
23.Rfb1 Rea8 24.Qd1 g6 25.h4 f5 26.h5 Nf6 27.hxg6 hxg6 28.Bg5 Nh7 29.Bd2 
Nf6 30.Bg5 Nh7 31.Bd2 Kg7 32.Ne1 Qd7 33.exf5 Bxg2 34.Nxg2 Qxf5 35.Nh4 Qe6 
36.Qe1 Be7 37.Nf3 Bf6 38.Kg2 Qf5 39.Qd1 e4 40.dxe4 Qxe4 41.Qh1 Bg5 42.Re1 
Qb7 43.Bf4 Rf6 44.Qh2 Bxf4 45.gxf4 Raf8 46.Rh1 Kg8 47.Qg3 Rxf4 48.Qxg6+ 
Qg7 49.Qxg7+ Kxg7 50.Rh3 a3 51.Re1 R8f7 52.Rxh7+ Kxh7 53.Ng5+ Kg6 54.Nxf7 
Rxf7 55.Re8 Rf5 56.Kf1 Kf7 57.Rc8 Re5 58.Rh8 Ke6 59.Rh4 d3 60.Rh6+ Kf7 61.
Rd6 Re2 62.Rxd3 Rxa2 63.Kg2 Rb2 64.Rd5 Rxb3 65.Rxc5 a2 0-1

[Event "8th American Continental"]
[Site "Cochabamba BOL"]
[Date "2013.05.14"]
[Round "10"]
[White "Ruiz Castillo, Joshua Daniel"]
[Black "Cornejo Perales, Guillermo"]
[Result "1-0"]
[WhiteElo "2370"]
[BlackElo "2222"]
[EventDate "2013.05.07"]
[PlyCount "69"]

1.e4 c6 2.d4 d5 3.Nc3 dxe4 4.Nxe4 Nd7 5.Bc4 Ngf6 6.Ng5 e6 7.Qe2 Nb6 8.Bd3 
c5 9.dxc5 Bxc5 10.N1f3 h6 11.Ne4 Nxe4 12.Qxe4 Nd5 13.O-O Qc7 14.Qg4 O-O 
15.Re1 Bd6 16.Qe4 Nf6 17.Qh4 Nd5 18.c4 Nf4 19.Bxf4 Bxf4 20.c5 Qd8 21.Qxf4 
Qxd3 22.Rad1 Qf5 23.Qc7 Qf6 24.Ne5 Re8 25.Rd3 b6 26.c6 Ba6 27.Rf3 Qe7 28.
Rxf7 Qxc7 29.Rxc7 Rec8 30.Re7 Re8 31.Rxe8+ Rxe8 32.Rd1 Bc8 33.c7 Kf8 34.
Rd8 a6 35.Nc4 1-0

[Event "8th American Continental"]
[Site "Cochabamba BOL"]
[Date "2013.05.14"]
[Round "10"]
[White "Mendoza, Rodrigo"]
[Black "Latorre, Matias"]
[Result "1-0"]
[WhiteElo "2148"]
[BlackElo "2254"]
[EventDate "2013.05.07"]
[PlyCount "57"]

1.d4 Nf6 2.Nf3 g6 3.c4 Bg7 4.Nc3 O-O 5.Bg5 c5 6.dxc5 Na6 7.g3 Nxc5 8.Qc2 
d6 9.Bg2 Bf5 10.Qc1 Nce4 11.O-O Rc8 12.Nxe4 Nxe4 13.Bh6 Bxh6 14.Qxh6 Rxc4 
15.Nh4 Qd7 16.b3 Rc2 17.Nxf5 Qxf5 18.Qe3 Nc3 19.Qxa7 Nxe2+ 20.Kh1 e5 21.
Qxb7 Nc3 22.a4 Rxf2 23.a5 e4 24.a6 e3 25.a7 Rxf1+ 26.Rxf1 e2 27.Rxf5 gxf5 
28.Qe7 Ne4 29.Qxf8+ 1-0

[Event "8th American Continental"]
[Site "Cochabamba BOL"]
[Date "2013.05.14"]
[Round "10"]
[White "Monroy Carrizo, Javier"]
[Black "Cueto Chajtur, Jhonny"]
[Result "0-1"]
[WhiteElo "2053"]
[BlackElo "2263"]
[EventDate "2013.05.07"]
[PlyCount "68"]

1.d4 d6 2.c4 e5 3.e3 Nc6 4.d5 Nce7 5.g3 f5 6.Bg2 Nf6 7.Nc3 g5 8.e4 h6 9.h4
g4 10.Be3 Bg7 11.Qd2 f4 12.gxf4 exf4 13.Bxf4 Nh5 14.Be3 Ng6 15.O-O-O Qf6 
16.Nge2 Ne5 17.b3 O-O 18.Bd4 a6 19.a4 Bd7 20.a5 b6 21.axb6 cxb6 22.Bxb6 
Rfb8 23.Qe3 Rb7 24.Qd4 Rab8 25.Ba7 Ra8 26.Bb6 Rab8 27.Ba7 Ra8 28.Bb6 Qf7 
29.Qe3 Rab8 30.Ba7 Rc8 31.Kd2 Nxc4+ 32.bxc4 Rxa7 33.f4 Rxc4 34.e5 Rac7 0-1

[Event "8th American Continental"]
[Site "Cochabamba BOL"]
[Date "2013.05.14"]
[Round "10"]
[White "Sabas, Jorge"]
[Black "Medrano, Mario"]
[Result "1-0"]
[WhiteElo "2302"]
[BlackElo "2085"]
[EventDate "2013.05.07"]
[PlyCount "91"]

1.d4 Nf6 2.c4 c5 3.d5 b5 4.cxb5 a6 5.f3 d6 6.e4 Nbd7 7.a4 axb5 8.Bxb5 g6 
9.Ne2 Bg7 10.Nec3 O-O 11.O-O Qb6 12.Be3 Ba6 13.Na3 Qb8 14.Qe2 Bc8 15.Nc4 
Nb6 16.Nxb6 Qxb6 17.Kh1 Ne8 18.Qd2 Bh8 19.Bh6 Ng7 20.f4 Rd8 21.f5 Ne8 22.
fxg6 hxg6 23.Bg5 Nf6 24.Rae1 Bd7 25.Qf2 Bxb5 26.axb5 Rf8 27.Qh4 Bg7 28.e5 
dxe5 29.Rf3 Rfe8 30.Rh3 Nh5 31.g4 f6 32.gxh5 fxg5 33.Qxg5 Qf6 34.Rg3 Rf8 
35.Qxg6 Qxg6 36.Rxg6 Kh7 37.Ne4 Bf6 38.d6 Bh4 39.dxe7 Bxe7 40.Reg1 Rf4 41.
Rg7+ Kh8 42.Rxe7 Rxe4 43.b6 Rd4 44.b7 Rb8 45.h6 Rd6 46.h7 1-0

[Event "8th American Continental"]
[Site "Cochabamba BOL"]
[Date "2013.05.14"]
[Round "10"]
[White "Arias, Juan Carlos"]
[Black "Rojas Barrero, Andres Humberto"]
[Result "1-0"]
[WhiteElo "2113"]
[BlackElo "2227"]
[EventDate "2013.05.07"]
[PlyCount "73"]

1.Nf3 d5 2.d4 Nf6 3.c4 e6 4.Nc3 c6 5.cxd5 exd5 6.Bg5 Nbd7 7.e3 Be7 8.Bd3 
O-O 9.O-O Re8 10.Qc2 Nf8 11.Bxf6 Bxf6 12.b4 a6 13.a4 Bg4 14.Nd2 Be7 15.b5 
axb5 16.axb5 Rxa1 17.Rxa1 Bd6 18.Bf5 Qh4 19.Nf1 Bxf5 20.Qxf5 Re6 21.g3 Qh6
22.bxc6 bxc6 23.Ra6 Rf6 24.Qg4 Rg6 25.Qc8 Bb4 26.Ne2 Rf6 27.Nf4 Be7 28.Nd3
Qg6 29.Ne5 Qc2 30.f4 c5 31.Ra8 h5 32.Nd7 Kh7 33.Nxf6+ gxf6 34.Qe8 Ng6 35.
Qxf7+ Kh6 36.Rg8 h4 37.g4 1-0

[Event "8th American Continental"]
[Site "Cochabamba BOL"]
[Date "2013.05.14"]
[Round "10"]
[White "Kropff Gomez, Ricardo"]
[Black "Herrera, Fernando"]
[Result "1-0"]
[WhiteElo "2224"]
[BlackElo "2086"]
[EventDate "2013.05.07"]
[PlyCount "79"]

1.c4 c5 2.Nf3 g6 3.d4 cxd4 4.Nxd4 Bg7 5.e4 Nc6 6.Be3 Nf6 7.Nc3 d6 8.Be2 
O-O 9.O-O Nxd4 10.Bxd4 b6 11.Qc2 Bb7 12.f3 Nd7 13.Be3 Rc8 14.Rac1 Re8 15.
Rfd1 Qc7 16.Bf1 Bc6 17.Nd5 Qb7 18.Nb4 a5 19.Nxc6 Rxc6 20.b3 Rb8 21.g3 h6 
22.Qd2 Kh7 23.f4 e5 24.f5 Nf6 25.Qd3 gxf5 26.exf5 e4 27.Qe2 Qc8 28.g4 Qc7 
29.Bf4 Rg8 30.h3 Bf8 31.Kh1 Qc8 32.Bg2 h5 33.Qf2 Bh6 34.Bxh6 Kxh6 35.Qf4+ 
Kg7 36.Qg5+ Kf8 37.Qxf6 d5 38.cxd5 Rxc1 39.Qh6+ Ke8 40.Rxc1 1-0

[Event "8th American Continental"]
[Site "Cochabamba BOL"]
[Date "2013.05.14"]
[Round "10"]
[White "Campero Cuellar, Ronald"]
[Black "Celis Maldonado, Kevin"]
[Result "1/2-1/2"]
[WhiteElo "2211"]
[BlackElo "2134"]
[EventDate "2013.05.07"]
[PlyCount "28"]

1.Nf3 Nf6 2.g3 g6 3.Bg2 Bg7 4.O-O O-O 5.c4 c6 6.Nc3 d5 7.cxd5 cxd5 8.d4 
Nc6 9.Ne5 Be6 10.f4 Rc8 11.Be3 Qb6 12.Qd2 Rfd8 13.h3 Nxe5 14.fxe5 Ne4 
1/2-1/2

[Event "8th American Continental"]
[Site "Cochabamba BOL"]
[Date "2013.05.14"]
[Round "10"]
[White "Borda Rivera, Carla"]
[Black "Ferrufino Hurtado, Boris"]
[Result "0-1"]
[WhiteElo "1950"]
[BlackElo "2211"]
[EventDate "2013.05.07"]
[PlyCount "113"]

1.e4 c5 2.d3 Nc6 3.Nf3 g6 4.g3 Bg7 5.Bg2 e6 6.O-O Nge7 7.Nc3 O-O 8.Be3 Nd4
9.Qd2 Re8 10.Nd1 d5 11.Nh4 b6 12.c3 Ndc6 13.Bh6 Bh8 14.Qc2 Ba6 15.Re1 dxe4
16.dxe4 Bd3 17.Qc1 Ne5 18.Ne3 c4 19.f4 Nd7 20.Ng4 Rc8 21.Qe3 Qc7 22.Rad1 
Qc5 23.Nf3 Qxe3+ 24.Rxe3 Nc5 25.Nd4 Bg7 26.Bxg7 Kxg7 27.Nb5 Red8 28.Nd4 
Nc6 29.Nxc6 Rxc6 30.b4 Na4 31.Rc1 b5 32.e5 Ra6 33.Nf6 Nb6 34.Bc6 Rxa2 35.
Bxb5 h5 36.Ne8+ Kf8 37.Nd6 a6 38.Bc6 Nc8 39.Nb7 Rd5 40.Bxd5 exd5 41.Nc5 
Bf5 42.Rf3 Na7 43.Rf2 Ra3 44.Rf3 d4 45.Kg2 d3 46.Rf2 Nb5 47.h3 Nxc3 48.Rb2
Ke7 49.Nxa6 Na4 50.Rf2 c3 51.Nc5 d2 52.Rg1 Nxc5 53.bxc5 Be4+ 54.Kh2 Bc2 
55.Rff1 Ba4 56.g4 c2 57.c6 0-1

[Event "8th American Continental"]
[Site "Cochabamba BOL"]
[Date "2013.05.14"]
[Round "10"]
[White "Aliaga Fernandez, Ingrid"]
[Black "Arias, Juan Cruz"]
[Result "1/2-1/2"]
[WhiteElo "2184"]
[BlackElo "1933"]
[EventDate "2013.05.07"]
[PlyCount "23"]

1.e4 e6 2.Nf3 d5 3.Nc3 Nf6 4.e5 Nfd7 5.d4 c5 6.dxc5 Nc6 7.Bf4 Nxc5 8.Bd3 
Be7 9.O-O a6 10.Qd2 b5 11.a3 Bb7 12.Ne2 1/2-1/2

[Event "8th American Continental"]
[Site "Cochabamba BOL"]
[Date "2013.05.14"]
[Round "10"]
[White "Sanchez Sandoval, Gonzalo"]
[Black "Salazar, Carlos"]
[Result "1/2-1/2"]
[WhiteElo "2103"]
[BlackElo "2167"]
[EventDate "2013.05.07"]
[PlyCount "105"]

1.e4 d5 2.exd5 Qxd5 3.Nc3 Qa5 4.g3 Nf6 5.h3 c6 6.Bg2 Bf5 7.Nf3 e6 8.O-O h6
9.d3 Nbd7 10.Bd2 Qc7 11.Qe2 Be7 12.Rab1 O-O 13.b4 a6 14.a4 Rfe8 15.b5 axb5
16.axb5 Nd5 17.bxc6 bxc6 18.Ne4 e5 19.c4 N5b6 20.Bc3 Bh7 21.g4 Na4 22.Ba1 
Nac5 23.Nxc5 Bxc5 24.Nh4 Bd4 25.Nf5 Bxf5 26.gxf5 Qd6 27.Kh1 Bxa1 28.Rxa1 
Nc5 29.Rxa8 Rxa8 30.Qf3 Nxd3 31.f6 gxf6 32.Qh5 Kf8 33.Qxh6+ Ke7 34.Qe3 Nf4
35.Be4 Rh8 36.Bf5 c5 37.Qf3 Qc7 38.Rb1 Rb8 39.Re1 Qb7 40.Be4 Qd7 41.Qg4 
Qxg4 42.hxg4 Rb4 43.Rc1 Rb2 44.Rc2 Rb4 45.Kh2 Kf8 46.Kg3 Kg7 47.f3 Kh6 48.
Rh2+ Kg7 49.Rc2 Ra4 50.Bc6 Rb4 51.Be4 Ne6 52.Bd5 Nf4 53.Be4 1/2-1/2

[Event "8th American Continental"]
[Site "Cochabamba BOL"]
[Date "2013.05.14"]
[Round "10"]
[White "Aguilar, Luis Miguel"]
[Black "Chumpitaz Carbajal, Ann"]
[Result "0-1"]
[WhiteElo "1903"]
[BlackElo "2155"]
[EventDate "2013.05.07"]
[PlyCount "88"]

1.Nf3 Nf6 2.c4 c5 3.g3 g6 4.Bg2 Bg7 5.O-O O-O 6.Nc3 Nc6 7.a3 d6 8.Rb1 Bf5 
9.d3 Qd7 10.Re1 Bh3 11.Bh1 Nh5 12.Bd2 h6 13.b4 Rac8 14.Qa4 b6 15.b5 Nd8 
16.Qc2 f5 17.a4 f4 18.Ne4 Ne6 19.Bc3 Nd4 20.Bxd4 cxd4 21.Qa2 Kh7 22.a5 
fxg3 23.fxg3 e5 24.Ra1 Rc7 25.Bg2 Bxg2 26.Kxg2 Qg4 27.Qa3 Nf4+ 28.Kh1 Nxe2
29.Rxe2 Qxf3+ 30.Rg2 Rd8 31.axb6 axb6 32.Ra2 Qg4 33.Raf2 Qe6 34.g4 d5 35.
cxd5 Qxd5 36.g5 h5 37.Nf6+ Bxf6 38.gxf6 Ra8 39.Qb2 Ra2 40.h3 Rxb2 41.Rxb2 
Rf7 42.Rf2 Qxb5 43.Rg3 Qc6+ 44.Rgf3 Rxf6 0-1

[Event "8th American Continental"]
[Site "Cochabamba BOL"]
[Date "2013.05.14"]
[Round "10"]
[White "Molina, Jorge"]
[Black "Nunez Marquina, Nataly Massiel"]
[Result "1/2-1/2"]
[WhiteElo "2144"]
[BlackElo "1942"]
[EventDate "2013.05.07"]
[PlyCount "102"]

1.Nf3 Nf6 2.c4 g6 3.Nc3 d5 4.cxd5 Nxd5 5.e4 Nxc3 6.dxc3 Qxd1+ 7.Kxd1 Bg7 
8.Bf4 c6 9.Kc2 O-O 10.Bc4 Nd7 11.Rhe1 Nc5 12.Nd2 Be6 13.Be3 Nxe4 14.Bxe6 
Nxd2 15.Bxf7+ Rxf7 16.Kxd2 Rf5 17.Kc2 Kf7 18.Rad1 Rd5 19.c4 Rd6 20.Bc5 
Rxd1 21.Rxd1 Ke8 22.Re1 Bf6 23.Re4 Kf7 24.b3 b6 25.Bd4 Rd8 26.Be3 Rd7 27.
g4 Ba1 28.a4 Rb7 29.Bd4 Bxd4 30.Rxd4 Ke6 31.f4 h5 32.Re4+ Kf6 33.gxh5 Kf5 
34.Kd3 gxh5 35.Re5+ Kxf4 36.Rxh5 Rd7+ 37.Ke2 e5 38.Rh4+ Kg5 39.Rh8 Kf4 40.
Rh4+ Kg5 41.Rh8 e4 42.Ke3 Rd3+ 43.Kxe4 Rxb3 44.Rc8 c5 45.a5 Rb4 46.axb6 
axb6 47.Kd5 Kh4 48.Rg8 Kh5 49.Rh8+ Kg5 50.Rh3 Kg4 51.Rc3 b5 1/2-1/2

[Event "8th American Continental"]
[Site "Cochabamba BOL"]
[Date "2013.05.14"]
[Round "10"]
[White "Delgadillo Daza, Adonay"]
[Black "Tapia, Mauricio"]
[Result "1-0"]
[WhiteElo "2161"]
[BlackElo "1907"]
[EventDate "2013.05.07"]
[PlyCount "61"]

1.e4 Nf6 2.e5 Nd5 3.Nf3 d6 4.d4 dxe5 5.Nxe5 c6 6.c4 Nb6 7.Nc3 Bf5 8.g4 Bg6
9.h4 f6 10.Nxg6 hxg6 11.Bd3 f5 12.Be3 e6 13.h5 Na6 14.a3 Qd7 15.Qe2 O-O-O 
16.O-O-O Kb8 17.c5 Nd5 18.Nxd5 cxd5 19.Bf4+ Nc7 20.hxg6 Be7 21.gxf5 exf5 
22.Qe5 Bf6 23.Qd6 Qxd6 24.Bxd6 Rxh1 25.Rxh1 Bxd4 26.Bxf5 Bxf2 27.Be5 Rg8 
28.Bxg7 Be3+ 29.Kb1 Ne8 30.Be5+ Ka8 31.Rh8 1-0

[Event "8th American Continental"]
[Site "Cochabamba BOL"]
[Date "2013.05.14"]
[Round "10"]
[White "Ramirez, Maria Eugenia"]
[Black "Prado Serrano, Alexandra"]
[Result "1-0"]
[WhiteElo "1996"]
[BlackElo "1790"]
[EventDate "2013.05.07"]
[PlyCount "59"]

1.e4 d5 2.exd5 Qxd5 3.Nf3 Nf6 4.Nc3 Qd6 5.Bc4 e6 6.O-O Be7 7.d3 a6 8.a4 
O-O 9.Re1 c5 10.Ne5 Nbd7 11.f4 Nb6 12.Bb3 Nbd5 13.Qf3 Bd7 14.Ne4 Qc7 15.a5
Bc6 16.Nxc6 Qxc6 17.f5 Nxe4 18.Qxe4 Bf6 19.fxe6 Bd4+ 20.Kh1 fxe6 21.c3 Bf2
22.Re2 Rae8 23.Ba4 Bd4 24.Re1 Nxc3 25.Bxc6 Nxe4 26.Bxe4 Rf2 27.Rb1 Ref8 
28.Bf3 g5 29.Bxg5 e5 30.Be3 1-0

[Event "8th American Continental"]
[Site "Cochabamba BOL"]
[Date "2013.05.14"]
[Round "10"]
[White "Monroy, Osvaldo"]
[Black "Avila, Carlos"]
[Result "1/2-1/2"]
[WhiteElo "1954"]
[BlackElo "1848"]
[EventDate "2013.05.07"]
[PlyCount "121"]

1.e4 c5 2.Nf3 Nc6 3.d4 cxd4 4.Nxd4 g6 5.Be3 Bg7 6.Nc3 Nf6 7.Qd2 O-O 8.f3 
d5 9.Nxc6 bxc6 10.e5 Ne8 11.f4 f6 12.exf6 Bxf6 13.Rd1 e5 14.fxe5 Bxe5 15.
g3 Nf6 16.Bg2 Bg4 17.Ne2 Bxe2 18.Qxe2 Bxb2 19.O-O Qe7 20.c4 Ba3 21.Qd3 Ng4
22.Bd4 Bc5 23.Rfe1 Nf2 24.Rxe7 Nxd3 25.Bxc5 Nxc5 26.cxd5 Rad8 27.Rc1 Nd3 
28.Rxc6 Nb4 29.Rcc7 Rf6 30.Rg7+ Kf8 31.Rxh7 Kg8 32.Rhg7+ Kf8 33.Rxa7 Nxd5 
34.Rh7 Kg8 35.Rag7+ Kf8 36.Rh8+ Kxg7 37.Rxd8 Nc3 38.Ra8 Ne2+ 39.Kh1 Rb6 
40.Bd5 Rb1+ 41.Kg2 Rb2 42.Bc4 Nd4+ 43.Kh3 Nf3 44.g4 Rxh2+ 45.Kg3 Rc2 46.
Bd5 Ne5 47.a4 Rc3+ 48.Kf4 Nd3+ 49.Ke4 Ra3 50.a5 Kh6 51.Kd4 Nb4 52.Be4 Ra4 
53.Kc5 Na6+ 54.Rxa6 Rxe4 55.Rb6 Rxg4 56.Rb4 Rg1 57.Ra4 Rc1+ 58.Kd6 Rd1+ 
59.Ke7 Re1+ 60.Kf8 Rf1+ 61.Kg8 1/2-1/2

[Event "8th American Continental"]
[Site "Cochabamba BOL"]
[Date "2013.05.14"]
[Round "10"]
[White "Gamboa Gonzalez, Anibal"]
[Black "Medrano, Sebastian"]
[Result "1-0"]
[WhiteElo "2126"]
[BlackElo "1803"]
[EventDate "2013.05.07"]
[PlyCount "47"]

1.c4 Nf6 2.Nc3 e6 3.e4 d6 4.d4 Be7 5.f4 O-O 6.Nf3 b6 7.Bd3 Na6 8.O-O c5 9.
e5 dxe5 10.fxe5 Ne8 11.d5 exd5 12.cxd5 Qd7 13.Bb5 Qg4 14.d6 Bxd6 15.exd6 
Nf6 16.h3 Qg3 17.Ne2 Qg6 18.Be3 Qh5 19.Nf4 Qh6 20.Ne6 Qh5 21.Nxf8 Kxf8 22.
d7 Nxd7 23.Bxd7 Bxd7 24.Qxd7 1-0

[Event "8th American Continental"]
[Site "Cochabamba BOL"]
[Date "2013.05.14"]
[Round "10"]
[White "Coro, Renan"]
[Black "Cordero Loup, Ely Daniela"]
[Result "1-0"]
[WhiteElo "1922"]
[BlackElo "2074"]
[EventDate "2013.05.07"]
[PlyCount "71"]

1.d4 d6 2.Bg5 c5 3.c3 Qb6 4.Bc1 Nf6 5.Nf3 g6 6.g3 Bg7 7.Bg2 O-O 8.O-O Bf5 
9.Nbd2 Nc6 10.e3 e5 11.Nc4 Qc7 12.Na3 Be4 13.Nh4 Bxg2 14.Nxg2 a6 15.Nc2 b5
16.Re1 Qc8 17.dxc5 dxc5 18.e4 Rd8 19.Qe2 Qh3 20.f3 c4 21.Bg5 Rd3 22.Red1 
Rad8 23.Nge1 R3d6 24.Rxd6 Rxd6 25.a4 Qd7 26.axb5 axb5 27.b3 h6 28.Be3 cxb3
29.Qxb5 Qe6 30.Rb1 g5 31.g4 h5 32.h3 hxg4 33.hxg4 Nxg4 34.fxg4 Qxg4+ 35.
Ng2 Qxe4 36.Qxb3 1-0